[Event "COL-ch U18 Girls"]
[Site "Bogota"]
[Date "2023.05.12"]
[Round "2"]
[White "Martinez Salgado, Gabriela"]
[Black "Melgarejo Suarez, Aritna Valentina"]
[Result "0-1"]
[WhiteElo "1246"]
[BlackElo "1532"]
[PlyCount "126"]
[EventDate "2023.05.11"]
[EventType "swiss"]
[EventRounds "7"]
[EventCountry "COL"]
[SourceTitle "CBM 214 Extra"]
[Source "ChessBase"]
[SourceDate "2023.07.31"]
[SourceVersion "1"]
[SourceVersionDate "2023.07.31"]
[SourceQuality "1"]

1. c4 e5 2. Nc3 Nf6 3. Nf3 Nc6 4. g3 Bb4 5. Qc2 0-0 6. Bg2 Re8 7. 0-0 e4 8. Ng5 Nd4 9. Qd1 Bxc3 10. dxc3 Nc6 11. Qc2 Qe7 12. Bd2 d6 13. Qb3 h6 14. Nh3 Ne5 15. Nf4 c6 16. Qa4 Bf5 17. b3 Qd7 18. Qa3 g5 19. Rad1 Kh7 20. Be3 gxf4 21. Rxd6 Qe7 22. Bxf4 Red8 23. Rfd1 Rxd6 24. Rxd6 Ng6 25. Bc1 Rd8 26. Rxd8 Qxd8 27. h3 Qd1+ 28. Kh2 a6 29. Qb2 Qd7 30. Be3 Nf8 31. Qc1 Ng8 32. Qc2 Qe7 33. Qd2 Ne6 34. Qc2 Nc5 35. b4 Nd7 36. Qd2 Qe6 37. Qd4 Ngf6 38. a3 Qe5 39. Qd2 Qe6 40. Qd4 Ne5 41. c5 Qd5 42. Bf4 Qxd4 43. cxd4 Nc4 44. Bc1 Nd5 45. g4 Bg6 46. h4 Kg7 47. Kg3 Nc3 48. Bf1 Nb1 49. h5 Bh7 50. g5 hxg5 51. Bxg5 Ncxa3 52. Bh3 f6 53. Bf4 f5 54. Be5+ Kf7 55. Kf4 Ke6 56. h6 Nc2 57. f3 Nd2 58. fxe4 Nxe4 59. Bf1 Nxb4 60. e3 Nd5+ 61. Kf3 Nd2+ 62. Kf2 Nxf1 63. Kxf1 Nxe3+ 0-1

[Event "COL-chT Blitz (Women)"]
[Site "Santa Marta"]
[Date "2022.11.07"]
[Round "8.1"]
[White "Munoz Monroy, Cinthya Carolina"]
[Black "Melgarejo Suarez, Aritna Valentina"]
[Result "1-0"]
[WhiteElo "2035"]
[BlackElo "1446"]
[PlyCount "57"]
[EventDate "2022.11.07"]
[EventType "team-swiss"]
[EventRounds "9"]
[EventCountry "COL"]
[SourceTitle "CBM 211 Extra"]
[Source "ChessBase"]
[SourceDate "2023.01.31"]
[SourceVersion "1"]
[SourceVersionDate "2023.01.31"]
[SourceQuality "1"]
[WhiteTeam "Antioquia (W) II"]
[BlackTeam "Boyaca (W)"]
[WhiteTeamCountry "COL"]
[BlackTeamCountry "COL"]

1. e4 c5 2. c3 d6 3. d4 cxd4 4. cxd4 Nf6 5. Nc3 g6 6. Nf3 Bg7 7. h3 0-0 8. Bc4 Nc6 9. Qe2 Bd7 10. 0-0 Rc8 11. Bg5 h6 12. Bh4 g5 13. Bg3 a6 14. Rfd1 Qc7 15. e5 dxe5 16. dxe5 Nh5 17. Bh2 e6 18. Rac1 Rfd8 19. Bd3 f5 20. exf6 Nxf6 21. Bxc7 Rxc7 22. Ne4 Nd5 23. Nc5 Nf4 24. Qe4 Nxd3 25. Rxd3 Kf7 26. Nxe6 Bxe6 27. Rxd8 Nxd8 28. Rxc7+ Kg8 29. Qg6 1-0

[Event "COL-chT Rapid (Women)"]
[Site "Santa Marta"]
[Date "2022.11.04"]
[Round "4.1"]
[White "Figueroa Uni, Dahana"]
[Black "Melgarejo Suarez, Aritna Valentina"]
[Result "0-1"]
[WhiteElo "1239"]
[BlackElo "1462"]
[PlyCount "72"]
[EventDate "2022.11.02"]
[EventType "team-swiss"]
[EventRounds "7"]
[EventCountry "COL"]
[SourceTitle "CBM 211 Extra"]
[Source "ChessBase"]
[SourceDate "2023.01.31"]
[SourceVersion "1"]
[SourceVersionDate "2023.01.31"]
[SourceQuality "1"]
[WhiteTeam "Caqueta (W)"]
[BlackTeam "Boyaca (W)"]
[WhiteTeamCountry "COL"]
[BlackTeamCountry "COL"]

1. e4 c5 2. Nf3 d6 3. Bb5+ Bd7 4. Bxd7+ Nxd7 5. 0-0 Ngf6 6. Nc3 e6 7. d3 Be7 8. Bg5 0-0 9. Qd2 a6 10. Rfe1 b5 11. a3 Rc8 12. e5 dxe5 13. Nxe5 Nxe5 14. Rxe5 Qd4 15. Rae1 Rfd8 16. Bxf6 Bxf6 17. R5e4 Qd6 18. f3 c4 19. R1e3 Bd4 20. dxc4 Bxe3+ 21. Qxe3 Rxc4 22. Rxc4 bxc4 23. Qe1 Qd2 24. Qxd2 Rxd2 25. Na4 Rxc2 26. h3 Kf8 27. Kh2 Ke7 28. Kg3 Kd6 29. Nb6 Kc6 30. Na4 Kb5 31. Nc3+ Rxc3 32. bxc3 Ka4 33. Kf4 Kxa3 34. Ke4 Kb3 35. Kd4 a5 36. f4 a4 0-1

[Event "COL-chT (Women)"]
[Site "Bucaramanga"]
[Date "2022.09.09"]
[Round "5.4"]
[White "Melgarejo Suarez, Aritna Valentina"]
[Black "Sanchez, Sonia Ximena"]
[Result "1-0"]
[WhiteElo "1485"]
[BlackElo "1693"]
[PlyCount "65"]
[EventDate "2022.09.06"]
[EventType "team-swiss"]
[EventRounds "6"]
[EventCountry "COL"]
[SourceTitle "CBM 210 Extra"]
[Source "ChessBase"]
[SourceDate "2022.11.30"]
[SourceVersion "1"]
[SourceVersionDate "2022.11.30"]
[SourceQuality "1"]
[WhiteTeam "Boyaca (W)"]
[BlackTeam "Cundinamarca (W) II"]
[WhiteTeamCountry "COL"]
[BlackTeamCountry "COL"]

1. e4 c5 2. Nf3 d6 3. d4 cxd4 4. Nxd4 Nf6 5. Nc3 g6 6. Be3 Bg7 7. f3 0-0 8. Qd2 Nc6 9. Bc4 Bd7 10. 0-0-0 Rc8 11. Bb3 Ne5 12. g4 h5 13. gxh5 Nxh5 14. Rdg1 Nc4 15. Bxc4 Rxc4 16. Nb3 a5 17. Qd5 Rxc3 18. bxc3 Be6 19. Qxa5 Qxa5 20. Nxa5 Ra8 21. Nb3 Bxc3 22. Kb1 Kf8 23. Rg5 Bc4 24. f4 Nf6 25. e5 Ne4 26. Rg4 Bd5 27. Rd1 Be6 28. Rh4 Kg7 29. Bd4 Bxd4 30. Rxd4 Nc3+ 31. Kb2 Nxa2 32. f5 dxe5 33. Ra4 1-0

[Event "COL-chT (Women)"]
[Site "Medellin"]
[Date "2021.12.11"]
[Round "5.4"]
[White "Melgarejo Suarez, Aritna Valentina"]
[Black "Dominguez, Laura Lucia"]
[Result "0-1"]
[WhiteElo "1432"]
[BlackElo "1983"]
[PlyCount "28"]
[EventDate "2021.12.09"]
[EventType "team-tourn"]
[EventRounds "5"]
[EventCountry "COL"]
[SourceTitle "CBM 205 Extra"]
[Source "ChessBase"]
[SourceDate "2022.01.31"]
[SourceVersion "1"]
[SourceVersionDate "2022.01.31"]
[SourceQuality "1"]
[WhiteTeam "Boyaca (W)"]
[BlackTeam "Liga del Valle (W)"]
[WhiteTeamCountry "COL"]
[BlackTeamCountry "COL"]

1. e4 c5 2. Nf3 g6 3. c3 Bg7 4. d4 cxd4 5. cxd4 d5 6. e5 Nc6 7. Nc3 Nh6 8. Bd3 0-0 9. 0-0 Bg4 10. h3 Bxf3 11. Qxf3 Nxd4 12. Qxd5 Nhf5 13. Bf4 Qxd5 14. Nxd5 Rfd8 0-1

[Event "COL-ch Blitz (Women)"]
[Site "Villavicencio"]
[Date "2021.11.15"]
[Round "6"]
[White "Ocampo Betancur, Cristina Angela"]
[Black "Melgarejo Suarez, Aritna Valentina"]
[Result "1-0"]
[WhiteElo "1950"]
[BlackElo "1483"]
[PlyCount "99"]
[EventDate "2021.11.15"]
[EventType "swiss (blitz)"]
[EventRounds "13"]
[EventCountry "COL"]
[SourceTitle "CBM 205 Extra"]
[Source "ChessBase"]
[SourceDate "2022.01.31"]
[SourceVersion "1"]
[SourceVersionDate "2022.01.31"]
[SourceQuality "1"]

1. e4 c5 2. Nf3 d6 3. d4 cxd4 4. Qxd4 Nf6 5. c4 g6 6. h3 Bg7 7. Nc3 0-0 8. Qe3 Nc6 9. Be2 Bd7 10. 0-0 Rc8 11. Rd1 Qc7 12. Bd2 a6 13. Rac1 Rfd8 14. Nd5 Nxd5 15. cxd5 Bxb2 16. Rc2 Bg7 17. dxc6 Bxc6 18. Nd4 Qd7 19. Rdc1 Ba4 20. Rxc8 Rxc8 21. Nf3 Rxc1+ 22. Bxc1 Qe6 23. a3 Bc6 24. Bd3 Qa2 25. Qd2 Qa1 26. Kh2 Qf6 27. Bc4 h6 28. Bd5 Bxd5 29. Qxd5 b5 30. Be3 Qc3 31. Qa8+ Kh7 32. Qxa6 Be5+ 33. g3 Qb2 34. Qa7 Bf6 35. Kg2 Qe2 36. Qb6 Qc4 37. Bd4 Kg7 38. Bxf6+ Kxf6 39. Qd4+ Qxd4 40. Nxd4 Ke5 41. Nxb5 Kxe4 42. a4 Kd5 43. Nc3+ Kc4 44. Kf3 Kb4 45. Ke4 e6 46. f4 f6 47. g4 d5+ 48. Nxd5+ exd5+ 49. Kxd5 Kxa4 50. Ke6 1-0

[Event "Tunja Boyaca op-B"]
[Site "Tunja"]
[Date "2019.08.03"]
[Round "6"]
[White "Munera Garcia, Lina Marcela"]
[Black "Melgarejo Suarez, Aritna Valentina"]
[Result "0-1"]
[WhiteElo "1412"]
[BlackElo "1271"]
[PlyCount "90"]
[EventDate "2019.07.31"]
[EventType "swiss"]
[EventRounds "9"]
[EventCountry "COL"]
[SourceTitle "EXT 2020"]
[Source "ChessBase"]
[SourceDate "2019.10.17"]
[SourceVersion "1"]
[SourceVersionDate "2019.10.17"]
[SourceQuality "1"]

1. e4 e5 2. Nf3 Nc6 3. Bc4 Nf6 4. d3 Bc5 5. Nbd2 0-0 6. 0-0 d6 7. c3 Bg4 8. Qc2 Bxf3 9. Nxf3 h6 10. Bd2 a6 11. a4 d5 12. Bb3 dxe4 13. dxe4 Qd7 14. h3 Rad8 15. Rfd1 Qd3 16. Qxd3 Rxd3 17. Bc2 Rd7 18. b4 Bd6 19. Be3 Rfd8 20. b5 Na5 21. b6 Nc4 22. a5 Nxe3 23. fxe3 cxb6 24. axb6 Bc5 25. Nxe5 Rxd1+ 26. Rxd1 Rxd1+ 27. Bxd1 Bxe3+ 28. Kf1 Bxb6 29. Bc2 Bc7 30. Nc4 b5 31. Nb2 a5 32. Ke2 a4 33. Nxa4 bxa4 34. Bxa4 Nxe4 35. Kd3 Nc5+ 36. Kd2 Nxa4 37. g4 Nxc3 38. Kxc3 Kf8 39. Kd3 Ke7 40. Ke4 Kf6 41. Kf3 Kg5 42. Ke4 f6 43. Kf3 Kh4 44. Kg2 g6 45. Kf3 Kxh3 0-1

[Event "Tunja Boyaca op-B"]
[Site "Tunja"]
[Date "2019.08.01"]
[Round "2"]
[White "Diaz Diaz, Jose Joaquin"]
[Black "Melgarejo Suarez, Aritna Valentina"]
[Result "1-0"]
[WhiteElo "1640"]
[BlackElo "1271"]
[PlyCount "41"]
[EventDate "2019.07.31"]
[EventType "swiss"]
[EventRounds "9"]
[EventCountry "COL"]
[SourceTitle "EXT 2020"]
[Source "ChessBase"]
[SourceDate "2019.10.17"]
[SourceVersion "1"]
[SourceVersionDate "2019.10.17"]
[SourceQuality "1"]

1. d4 d5 2. Nf3 Nc6 3. Bf4 Nf6 4. a3 Bf5 5. e3 e6 6. c4 Nh5 7. Bg5 Be7 8. Bxe7 Qxe7 9. cxd5 exd5 10. Nc3 0-0-0 11. Bb5 Qe6 12. Qa4 Nf6 13. Bxc6 Qxc6 14. Qxc6 bxc6 15. Ne5 Bg6 16. Na4 Kb7 17. 0-0 Ne4 18. Rfc1 Nd2 19. b3 Nxb3 20. Nxg6 hxg6 21. Rab1 1-0

[Event "COL-ch sf3 U12"]
[Site "Moniquira"]
[Date "2019.05.24"]
[Round "2.11"]
[White "Melgarejo Suarez, Aritna Valentina"]
[Black "Gil Moreno, Juan Manuel"]
[Result "0-1"]
[WhiteElo "1256"]
[BlackElo "1432"]
[PlyCount "72"]
[EventDate "2019.05.23"]
[EventType "swiss"]
[EventRounds "6"]
[EventCountry "COL"]
[SourceTitle "EXT 2024"]
[Source "ChessBase"]
[SourceDate "2023.10.10"]
[SourceVersion "1"]
[SourceVersionDate "2023.10.10"]
[SourceQuality "1"]

1. e4 c5 2. Nf3 d6 3. c4 Nf6 4. Nc3 a6 5. Be2 e5 6. 0-0 Be6 7. d3 Be7 8. Be3 0-0 9. Qd2 Nc6 10. Nd5 Bxd5 11. exd5 Nd4 12. Nxd4 cxd4 13. Bg5 Rc8 14. b4 Re8 15. a3 e4 16. Bxf6 Bxf6 17. dxe4 Rxe4 18. a4 Re7 19. b5 d3 20. Bg4 Rxc4 21. Bf5 Bxa1 22. Rxa1 Rc5 23. Qxd3 g6 24. Bg4 axb5 25. axb5 Rec7 26. h3 Rc1+ 27. Rxc1 Rxc1+ 28. Kh2 f5 29. Bf3 Qh4 30. g3 Qc4 31. Qxc4 Rxc4 32. g4 fxg4 33. Bxg4 Rc5 34. b6 Kg7 35. Bc8 Rxc8 36. Kg3 Rf8 0-1